Trắc địa quy hoạch đường và đô thị

保存先:
書誌詳細
第一著者: Vũ Thặng
フォーマット: 図書
言語:Vietnamese
出版事項: Hà Nội 2000
タグ: タグ追加
タグなし, このレコードへの初めてのタグを付けませんか!
Thư viện lưu trữ: Mạng thư viện Đại học Đà Nẵng
LEADER 00623nam a2200253 4500
001 000021524
003 17972
005 20150422080410.0
008 150422s2000 viesd
020 |c 34000 
041 0 |a vie 
082 1 4 |a 526,9  |b VU-T 
100 1 |a Vũ Thặng 
245 1 0 |a Trắc địa quy hoạch đường và đô thị  |c Vũ Thặng 
260 |b Hà Nội  |c 2000 
300 |a tr.  |c cm. 
OWN |a LSP 
999 |a From the UDN01 
TYP |a Monograph 
TYP |a Printed language 
980 |a Mạng thư viện Đại học Đà Nẵng